Представление документа в формате MARC21

Поле Инд. ПП Название Значение
Тип записи a
Библиографический уровень b
001 Контрольный номер RU/IS/BASE/113303389
005 Дата корректировки 20200522190808.6
084 a Индекс другой классификации/Индекс ББК 60.545.1; 60.542.15-7; 66.3(2Рос),5
100 1_ a Автор Апажева Е.
245 a Заглавие Молодежь как фактор стабилизации межэтнических отношений на Северном Кавказе
504 a Библиография Библиогр. ссылки
650 a Основная рубрика внутренняя политика
a Основная рубрика политика
a Основная рубрика социология
a Основная рубрика социология групп
a Основная рубрика этносоциология
653 a Ключевые слова молодежь
a Ключевые слова национальная политика (этнополитика)
a Ключевые слова национальное самосознание
a Ключевые слова национальные отношения
a Ключевые слова Россия
a Ключевые слова Северный Кавказ
773 t Заглавие источника Вестник Московского университета. Серия 18, Социология и политология
d Дата издания источника 2003
g Прочая информация № 2. - С. 175 - 188 : табл., диагр.
w Контрольный № источника RU/IS/BASE/111079824
901 t Тип документа b